[Event "Oberliga NRW 1920"]
[Site "Germany"]
[Date "2020.02.16"]
[Round "6.7"]
[White "Brockhaus, Bernd"]
[Black "Pfleger, Sascha"]
[Result "1/2-1/2"]
[WhiteElo "1945"]
[BlackElo "1987"]
[PlyCount "80"]
[EventDate "2019.09.15"]
[EventType "team-tourn"]
[EventRounds "9"]
[EventCountry "GER"]
[SourceTitle "EXT 2022"]
[Source "ChessBase"]
[SourceDate "2021.10.06"]
[SourceVersion "1"]
[SourceVersionDate "2021.10.06"]
[SourceQuality "1"]
[WhiteTeam "Muelheim Nord II"]
[BlackTeam "Letmathe"]
[WhiteTeamCountry "GER"]
[BlackTeamCountry "GER"]

1. e4 e6 2. d4 d5 3. e5 c5 4. c3 Ne7 5. Nf3 Nd7 6. Be2 Nc6 7. 0-0 Be7 8. Be3 0-0 9. a3 a5 10. a4 f6 11. exf6 Nxf6 12. dxc5 Ng4 13. Qd2 Qc7 14. h3 Nxe3 15. Qxe3 Qf4 16. Qxf4 Rxf4 17. Nbd2 Bxc5 18. Nb3 Bb6 19. Bb5 Bd7 20. Rad1 Rd8 21. Rd3 h6 22. g3 Rf6 23. Kg2 Be8 24. Nfd4 Bg6 25. Rd2 Ne5 26. Re2 Be4+ 27. f3 Rdf8 28. Nd2 Bxd4 29. fxe4 Rxf1 30. cxd4 Rc1 31. exd5 Ng6 32. dxe6 Ne7 33. Bc4 Rc2 34. b3 Rd8 35. Nf3 Rxe2+ 36. Bxe2 Kf8 37. Bc4 Nc6 38. d5 Nb4 39. Ne5 Rxd5 40. Bxd5 Nxd5 1/2-1/2

[Event "Oberliga NRW 1516"]
[Site "Germany"]
[Date "2015.09.27"]
[Round "1.8"]
[White "Richardt, Mike"]
[Black "Pfleger, Sascha"]
[Result "1-0"]
[WhiteElo "1985"]
[BlackElo "1985"]
[PlyCount "97"]
[EventDate "2015.09.27"]
[EventType "team-tourn"]
[EventRounds "9"]
[EventCountry "GER"]
[SourceTitle "EXT 2017"]
[Source "ChessBase"]
[SourceDate "2016.10.25"]
[SourceVersion "1"]
[SourceVersionDate "2016.10.25"]
[SourceQuality "1"]
[WhiteTeam "Plettenberg"]
[BlackTeam "Letmathe"]
[WhiteTeamCountry "GER"]
[BlackTeamCountry "GER"]

1. d4 e6 2. c4 Bb4+ 3. Bd2 Qe7 4. Nf3 Nf6 5. Nc3 Bxc3 6. Bxc3 Ne4 7. Qc2 Nxc3 8. Qxc3 0-0 9. e3 a5 10. Bd3 Nc6 11. Rc1 d6 12. 0-0 e5 13. dxe5 Nxe5 14. Nxe5 Qxe5 15. Qc2 g6 16. Rfd1 Re8 17. Qb3 b6 18. Bf1 Bb7 19. Qb5 Re7 20. Qxe5 Rxe5 21. b3 Rae8 22. Rd2 R8e7 23. g3 Rc5 24. Rcc2 Be4 25. Bd3 Bxd3 26. Rxd3 b5 27. Rdc3 b4 28. Rd3 f5 29. Rcd2 Rce5 30. Kf1 g5 31. Rd4 Kg7 32. Rd5 Kf6 33. Ke2 g4 34. Rxe5 Rxe5 35. f4 gxf3+ 36. Kxf3 a4 37. h3 h5 38. Rd4 axb3 39. axb3 Kg5 40. h4+ Kf6 41. Kf4 Ke6 42. Rd2 Ra5 43. e4 fxe4 44. Kxe4 Re5+ 45. Kf4 Rf5+ 46. Ke4 c6 47. Rxd6+ Kxd6 48. Kxf5 Kc5 49. Ke5 1-0

[Event "NRW Class1 1415"]
[Site "Germany"]
[Date "2015.03.01"]
[Round "7.6"]
[White "Ciornei, Dragos"]
[Black "Pfleger, Sascha"]
[Result "1-0"]
[WhiteElo "2077"]
[BlackElo "1937"]
[PlyCount "77"]
[EventDate "2014.09.14"]
[EventType "team-tourn"]
[EventRounds "9"]
[EventCountry "GER"]
[SourceTitle "EXT 2017"]
[Source "ChessBase"]
[SourceDate "2016.10.25"]
[SourceVersion "1"]
[SourceVersionDate "2016.10.25"]
[SourceQuality "1"]
[WhiteTeam "Oberhausen"]
[BlackTeam "Letmathe"]
[WhiteTeamCountry "GER"]
[BlackTeamCountry "GER"]

1. e4 c5 2. Nf3 b6 3. d4 cxd4 4. Nxd4 Bb7 5. Nc3 Nf6 6. Bd3 Nc6 7. Nxc6 Bxc6 8. e5 Nd5 9. Nxd5 Bxd5 10. 0-0 Qc7 11. f4 e6 12. Qe2 g6 13. c4 Bc6 14. Bd2 Bc5+ 15. Be3 Bxe3+ 16. Qxe3 Rd8 17. Rad1 0-0 18. Be2 f6 19. exf6 Rxf6 20. Qe5 Qxe5 21. fxe5 Rxf1+ 22. Rxf1 Rc8 23. b3 b5 24. cxb5 Bd5 25. Bf3 Rc5 26. Bxd5 Rxd5 27. a4 Rxe5 28. Rc1 Re3 29. Rc7 d5 30. Rxa7 Rxb3 31. Rb7 Ra3 32. b6 e5 33. Ra7 Ra1+ 34. Kf2 Ra2+ 35. Kg3 Ra3+ 36. Kg4 Rb3 37. b7 Rb4+ 38. Kg5 d4 39. Kf6 1-0

[Event "NRW Class1 1415"]
[Site "Germany"]
[Date "2014.12.14"]
[Round "4.7"]
[White "Kuehne, Marco"]
[Black "Pfleger, Sascha"]
[Result "0-1"]
[WhiteElo "2006"]
[BlackElo "1937"]
[PlyCount "108"]
[EventDate "2014.09.14"]
[EventType "team-tourn"]
[EventRounds "9"]
[EventCountry "GER"]
[SourceTitle "EXT 2017"]
[Source "ChessBase"]
[SourceDate "2016.10.25"]
[SourceVersion "1"]
[SourceVersionDate "2016.10.25"]
[SourceQuality "1"]
[WhiteTeam "Elberfeld"]
[BlackTeam "Letmathe"]
[WhiteTeamCountry "GER"]
[BlackTeamCountry "GER"]

1. d4 Nf6 2. Nf3 c5 3. e3 d6 4. c4 Nbd7 5. Nc3 g6 6. Bd3 Bg7 7. 0-0 0-0 8. Nd2 Ne8 9. Ne2 Nc7 10. f4 cxd4 11. exd4 d5 12. c5 Ne6 13. Nf3 Qc7 14. f5 Nexc5 15. dxc5 Nxc5 16. fxg6 hxg6 17. Be3 Bxb2 18. Rb1 Nxd3 19. Qxd3 Bf5 20. Qxd5 Bxb1 21. Rxb1 Qc2 22. Qd1 Qxd1+ 23. Rxd1 Bf6 24. Rd7 b6 25. Bd4 Rfd8 26. Rxd8+ Rxd8 27. Bxf6 Rd1+ 28. Kf2 exf6 29. Ke3 Ra1 30. Nc3 b5 31. Nxb5 Rxa2 32. Nd2 Ra5 33. Nd4 Re5+ 34. Kf3 Rh5 35. h3 a5 36. Ne4 Kg7 37. Ke3 a4 38. Nc2 Ra5 39. Na3 f5 40. Nc3 Re5+ 41. Kd2 f4 42. Nc2 Ra5 43. Ne2 g5 44. Na3 Kg6 45. Nc3 Kh5 46. Nc4 Ra7 47. Nb5 Ra8 48. Kc3 Kh4 49. Kb4 a3 50. Nbxa3 Rxa3 51. Kxa3 Kg3 52. Nd6 f6 53. Ne4+ Kxg2 54. Nxf6 f3 0-1

[Event "Dortmund Sparkassen op-A"]
[Site "Dortmund"]
[Date "2014.07.20"]
[Round "9"]
[White "Hartung, Thomas"]
[Black "Pfleger, Sascha"]
[Result "1-0"]
[WhiteElo "1963"]
[BlackElo "2096"]
[PlyCount "117"]
[EventDate "2014.07.12"]
[EventType "swiss"]
[EventRounds "9"]
[EventCountry "GER"]
[SourceTitle "CBM 161 Extra"]
[Source "ChessBase"]
[SourceDate "2014.08.29"]
[SourceVersion "1"]
[SourceVersionDate "2014.08.29"]
[SourceQuality "1"]

1. e4 e6 2. d4 d5 3. Nc3 Bb4 4. e5 c5 5. a3 Bxc3+ 6. bxc3 Ne7 7. Qg4 0-0 8. Nf3 f5 9. exf6 Rxf6 10. Ne5 Nd7 11. Bg5 Nxe5 12. dxe5 Rf7 13. Bd3 c4 14. Be2 Qa5 15. Bd2 Nc6 16. Qg3 Qc7 17. f4 Qb6 18. Bh5 Rf8 19. Qe3 Qxe3+ 20. Bxe3 b6 21. 0-0 Bd7 22. Rad1 Ne7 23. Bg4 Rf7 24. a4 Nc6 25. Rf2 Na5 26. Rdf1 Re8 27. Ra1 Ref8 28. Bc1 Nb7 29. Ba3 Rc8 30. Bh3 Nc5 31. Bc1 Ne4 32. Rf3 g5 33. fxg5 Rxf3 34. gxf3 Nxc3 35. Bd2 Ne2+ 36. Kf2 Nd4 37. Ra2 c3 38. Be1 Nf5 39. Bf1 Rc5 40. Bd3 d4 41. f4 Ra5 42. Bc4 Kf7 43. Bb3 Bc6 44. Ke2 Be4 45. Bc4 a6 46. Bf2 b5 47. Bb3 bxa4 48. Rxa4 Rxa4 49. Bxa4 Ke7 50. h4 h5 51. gxh6 Kf7 52. Bb3 a5 53. h7 Kg7 54. Bxe6 d3+ 55. cxd3 c2 56. Kd2 Bxd3 57. Bg8 Be4 58. e6 Kh8 59. e7 1-0

[Event "NRW Class2 1314"]
[Site "Germany"]
[Date "2013.10.06"]
[Round "2.8"]
[White "Pfleger, Sascha"]
[Black "Vossen, Peter"]
[Result "1-0"]
[WhiteElo "2004"]
[BlackElo "1956"]
[PlyCount "59"]
[EventDate "2013.09.15"]
[EventType "team-tourn"]
[EventRounds "9"]
[EventCountry "GER"]
[SourceTitle "EXT 2015"]
[Source "ChessBase"]
[SourceDate "2014.11.20"]
[SourceVersion "1"]
[SourceVersionDate "2014.11.20"]
[SourceQuality "1"]
[WhiteTeam "Letmathe"]
[BlackTeam "Wuerselen"]
[WhiteTeamCountry "GER"]
[BlackTeamCountry "GER"]

1. d4 d5 2. Nf3 Nf6 3. e3 e6 4. Bd3 c5 5. b3 cxd4 6. exd4 b6 7. 0-0 Ba6 8. c4 Be7 9. Nbd2 0-0 10. Bb2 Nc6 11. Rc1 Rc8 12. Re1 Rc7 13. Bb1 Qc8 14. Ne5 Rd8 15. Ndf3 dxc4 16. Nxf7 Kxf7 17. Ng5+ Kg8 18. Nxe6 Bb4 19. Re3 Re7 20. Nxd8 Qxd8 21. Rxe7 Nxe7 22. bxc4 Bc8 23. Qa4 Bd6 24. Qb3 Bb8 25. Re1 Kh8 26. d5 Nf5 27. Bxf6 gxf6 28. Qh3 Qd7 29. Bxf5 Qxf5 30. Qxf5 1-0

[Event "NRW Class1 1213"]
[Site "Germany"]
[Date "2012.09.16"]
[Round "1.8"]
[White "Wokrina, Andre"]
[Black "Pfleger, Sascha"]
[Result "1-0"]
[WhiteElo "1988"]
[BlackElo "2016"]
[PlyCount "65"]
[EventDate "2012.09.16"]
[EventType "team-tourn"]
[EventRounds "9"]
[EventCountry "GER"]
[SourceTitle "EXT 2017"]
[Source "ChessBase"]
[SourceDate "2016.10.25"]
[SourceVersion "1"]
[SourceVersionDate "2016.10.25"]
[SourceQuality "1"]
[WhiteTeam "Dinslaken"]
[BlackTeam "Letmathe"]
[WhiteTeamCountry "GER"]
[BlackTeamCountry "GER"]

1. Nf3 d5 2. g3 c6 3. Bg2 Nd7 4. d4 Ngf6 5. 0-0 g6 6. b3 Bg7 7. Bb2 Ne4 8. c4 0-0 9. Nbd2 Ndf6 10. b4 Nxd2 11. Nxd2 dxc4 12. Nxc4 Be6 13. Qc2 Nd5 14. a3 Nb6 15. Na5 Rb8 16. Rad1 Qd7 17. Nb3 Bh3 18. Nc5 Qc8 19. Rd3 Bxg2 20. Kxg2 Nd5 21. e4 Nf6 22. f3 Rd8 23. Rc1 Bh6 24. Rcd1 Ne8 25. Bc1 Bxc1 26. Qxc1 Kg7 27. h4 h5 28. Qf4 Qc7 29. e5 Rd5 30. g4 hxg4 31. h5 Kg8 32. hxg6 fxg6 33. Ne6 1-0

[Event "NRW Class2 1112"]
[Site "Germany"]
[Date "2011.09.18"]
[Round "1.4"]
[White "Sundorf, Jannik"]
[Black "Pfleger, Sascha"]
[Result "1-0"]
[WhiteElo "2140"]
[BlackElo "2023"]
[PlyCount "89"]
[EventDate "2011.09.18"]
[EventType "team-tourn"]
[EventRounds "9"]
[EventCountry "GER"]
[SourceTitle "EXT 2015"]
[Source "ChessBase"]
[SourceDate "2014.11.20"]
[SourceVersion "1"]
[SourceVersionDate "2014.11.20"]
[SourceQuality "1"]
[WhiteTeam "Muenster SK II"]
[BlackTeam "Letmathe"]
[WhiteTeamCountry "GER"]
[BlackTeamCountry "GER"]

1. d4 c5 2. d5 e5 3. e4 d6 4. c4 Be7 5. Nf3 Bg4 6. Nc3 Bxf3 7. Qxf3 Bg5 8. Bxg5 Qxg5 9. g3 Nh6 10. h4 Qe7 11. Bd3 0-0 12. Kd2 Nd7 13. Rag1 Kh8 14. g4 Ng8 15. Qg3 Rfe8 16. a3 Nf8 17. g5 Ng6 18. Ne2 Qc7 19. h5 Nf8 20. Qg4 Qa5+ 21. Ke3 Qa4 22. Ng3 Ne7 23. g6 fxg6 24. Nf5 Qd7 25. hxg6 Nexg6 26. Qh5 Nf4 27. Qh4 a6 28. Rh2 b6 29. Rxg7 Qxg7 30. Nxg7 Kxg7 31. Qh6+ Kg8 32. Qxd6 Rab8 33. b4 cxb4 34. axb4 a5 35. bxa5 bxa5 36. Bc2 Rb4 37. c5 Rb2 38. Kd2 Reb8 39. Qxe5 N8g6 40. Qc7 h5 41. Qxa5 Ne5 42. Qc3 Ng4 43. c6 Nxh2 44. c7 Nf1+ 45. Kd1 1-0

[Event "NRW Class1 1011"]
[Site "Germany"]
[Date "2011.02.20"]
[Round "7.4"]
[White "Pfleger, Sascha"]
[Black "Roski, Ferdinand"]
[Result "1/2-1/2"]
[WhiteElo "2127"]
[BlackElo "2208"]
[PlyCount "78"]
[EventDate "2010.09.26"]
[EventType "team-tourn"]
[EventRounds "9"]
[EventCountry "GER"]
[SourceTitle "EXT 2012"]
[Source "ChessBase"]
[SourceDate "2011.11.24"]
[SourceVersion "1"]
[SourceVersionDate "2011.11.24"]
[SourceQuality "1"]
[WhiteTeam "Letmathe"]
[BlackTeam "Godesberg II"]
[WhiteTeamCountry "GER"]
[BlackTeamCountry "GER"]

1. d4 Nf6 2. c4 g6 3. Nc3 Bg7 4. e4 d6 5. Be2 0-0 6. Bg5 Nbd7 7. Qc1 e5 8. d5 Nc5 9. b4 Ncd7 10. Nf3 a5 11. a3 axb4 12. axb4 Rxa1 13. Qxa1 h6 14. Bd2 Nxe4 15. Nxe4 f5 16. Ng3 e4 17. Nd4 Qe7 18. Bc3 Bxd4 19. Bxd4 f4 20. Bg4 fxg3 21. Be6+ Kh7 22. hxg3 Ne5 23. Bxe5 Bxe6 24. Bd4 Bd7 25. Qc1 h5 26. Qe3 c6 27. dxc6 bxc6 28. c5 Re8 29. 0-0 dxc5 30. bxc5 Bf5 31. Bc3 Rd8 32. Bd2 Qg7 33. Bc3 Qh6 34. Qxh6+ Kxh6 35. Bf6 Rd5 36. Be7 Bg4 37. Re1 Rd1 38. Kf1 Kg7 39. Rxd1 Bxd1 1/2-1/2

[Event "NRW Class1 1011"]
[Site "Germany"]
[Date "2010.11.28"]
[Round "3.3"]
[White "Kabatianski, Alexander"]
[Black "Pfleger, Sascha"]
[Result "1-0"]
[WhiteElo "2439"]
[BlackElo "2127"]
[PlyCount "65"]
[EventDate "2010.09.26"]
[EventType "team-tourn"]
[EventRounds "9"]
[EventCountry "GER"]
[SourceTitle "EXT 2012"]
[Source "ChessBase"]
[SourceDate "2011.11.24"]
[SourceVersion "1"]
[SourceVersionDate "2011.11.24"]
[SourceQuality "1"]
[WhiteTeam "Emsdetten Turm II"]
[BlackTeam "Letmathe"]
[WhiteTeamCountry "GER"]
[BlackTeamCountry "GER"]

1. d4 Nf6 2. c4 c5 3. Nf3 cxd4 4. Nxd4 b6 5. Nc3 Bb7 6. f3 a6 7. e4 d6 8. Be2 Nbd7 9. 0-0 e6 10. Be3 Be7 11. Rc1 0-0 12. Qd2 Rc8 13. Rfd1 Qc7 14. b4 Qb8 15. Nb3 Rfe8 16. Kh1 d5 17. cxd5 Bxb4 18. dxe6 Rxe6 19. Nd4 Rxe4 20. fxe4 Nxe4 21. Nxe4 Bxd2 22. Nxd2 Re8 23. Rc3 Nf6 24. Bg1 Rxe2 25. Nxe2 Qa8 26. Nf3 g5 27. Rcd3 Qf8 28. Rd8 Ne8 29. Nxg5 Qe7 30. Nf4 Qxg5 31. Rxe8+ Kg7 32. Bd4+ Kh6 33. Be3 1-0

[Event "Oberliga Ost-B 0405"]
[Site "Germany"]
[Date "2005.04.10"]
[Round "11.2"]
[White "Pfleger, Sascha"]
[Black "Kunin, Vitaly L"]
[Result "1/2-1/2"]
[WhiteElo "2166"]
[BlackElo "2463"]
[PlyCount "87"]
[EventDate "2004.10.10"]
[EventType "team-tourn"]
[EventRounds "11"]
[EventCountry "GER"]
[SourceTitle "EXT 2006"]
[Source "ChessBase"]
[SourceDate "2005.11.24"]
[SourceVersion "1"]
[SourceVersionDate "2005.11.24"]
[SourceQuality "1"]
[WhiteTeam "Jena Glas"]
[BlackTeam "Moerlenbach"]
[WhiteTeamCountry "GER"]
[BlackTeamCountry "GER"]

1. d4 Nf6 2. c4 e6 3. Bg5 h6 4. Bh4 c5 5. d5 exd5 6. cxd5 d6 7. Nc3 Be7 8. Nf3 0-0 9. e3 Bg4 10. Be2 Nbd7 11. Bg3 Nh5 12. 0-0 Nxg3 13. hxg3 Re8 14. Nd2 Bxe2 15. Qxe2 Bf8 16. a4 Qg5 17. Nc4 Nf6 18. Qf3 Ng4 19. Rfd1 Rad8 20. a5 Rd7 21. Ra4 Qh5 22. Nxd6 Qh2+ 23. Kf1 Ne5 24. Qf5 g6 25. Nxe8 gxf5 26. Nf6+ Kg7 27. Nxd7 Qh1+ 28. Ke2 Qh5+ 29. g4 Nxg4 30. f3 Nf6 31. Nxf6 Kxf6 32. d6 Qh2 33. Nd5+ Ke6 34. Nf4+ Kd7 35. b4 c4 36. b5 Bxd6 37. Rxc4 Ke7 38. Kf2 Qh4+ 39. Kg1 Bxf4 40. Rxf4 Qf6 41. e4 Qc3 42. Rxf5 Qxa5 43. Rdd5 Qe1+ 44. Kh2 1/2-1/2

[Event "Oberliga Ost-B 0405"]
[Site "Germany"]
[Date "2005.01.30"]
[Round "8.4"]
[White "Schwenkreis, Thomas"]
[Black "Pfleger, Sascha"]
[Result "0-1"]
[WhiteElo "2079"]
[BlackElo "2166"]
[PlyCount "82"]
[EventDate "2004.10.10"]
[EventType "team-tourn"]
[EventRounds "11"]
[EventCountry "GER"]
[SourceTitle "EXT 2006"]
[Source "ChessBase"]
[SourceDate "2005.11.24"]
[SourceVersion "1"]
[SourceVersionDate "2005.11.24"]
[SourceQuality "1"]
[WhiteTeam "Frankfurt FTG"]
[BlackTeam "Jena Glas"]
[WhiteTeamCountry "GER"]
[BlackTeamCountry "GER"]

1. Nf3 c5 2. g3 b6 3. Bg2 Bb7 4. 0-0 Nf6 5. d3 g6 6. e4 d6 7. Nc3 Bg7 8. Nh4 Qd7 9. f4 0-0 10. f5 Nc6 11. Bg5 Ne5 12. Qc1 Nh5 13. Bh6 Rfd8 14. Bxg7 Kxg7 15. Bh3 Nf6 16. Nd5 Bxd5 17. exd5 Qb7 18. Bg2 h6 19. fxg6 fxg6 20. Qd2 Qa6 21. b3 Rf8 22. a4 Nfd7 23. Rf4 Rf6 24. Be4 Raf8 25. c3 Qa5 26. Raf1 R8f7 27. Qc2 Nf8 28. d4 cxd4 29. cxd4 Ng4 30. Qd3 e5 31. dxe6 Nxe6 32. Nxg6 Nxf4 33. Nxf4 Qg5 34. h4 Qa5 35. Bg6 Rxf4 36. gxf4 Re7 37. Qg3 h5 38. f5 Qd2 39. Bxh5 Qxd4+ 40. Kh1 Qd5+ 41. Qf3 Re1 0-1